000 01275nam a2200337Ia 4500
001 ebr10106656
003 CaPaEBR
006 m u
007 cr cn|||||||||
008 041104s2005 enka fsb 001 0 eng d
020 _z9780749446727
020 _z0749443510 (pbk.)
040 _aCaPaEBR
_cCaPaEBR
035 _a(OCoLC)62746151
050 1 4 _aHF5549.5.T7
_bC36 2005eb
082 0 4 _a658.312404
_222
100 1 _aCameron, Esther.
245 1 0 _aFacilitation made easy
_h[electronic resource] :
_bpractical tips to improve meetings & workshops /
_cEsther Cameron.
250 _a3rd ed.
260 _aLondon :
_bKogan Page,
_c2005.
300 _avii, 166 p. :
_bill.
500 _aPrevious ed.: 2001.
504 _aIncludes bibliographical references and index.
533 _aElectronic reproduction.
_bPalo Alto, Calif. :
_cebrary,
_d2009.
_nAvailable via World Wide Web.
_nAccess may be limited to ebrary affiliated libraries.
650 0 _aEmployees
_xTraining of.
650 0 _aForums (Discussion and debate)
650 0 _aGroup facilitation.
655 7 _aElectronic books.
_2local
710 2 _aebrary, Inc.
856 4 0 _uhttp://site.ebrary.com/lib/rucke/Doc?id=10106656
_zAn electronic book accessible through the World Wide Web; click to view
999 _c100532
_d100532